| 000 | 00754nam a2200157 4500 | ||
|---|---|---|---|
| 001 | 14018 | ||
| 005 | 20260129124131.0 | ||
| 010 | _a9782330216856 | ||
| 090 | _a14018 | ||
| 099 | _o0 | ||
| 100 | _a20260129d u||y0frey50 ba | ||
| 200 |
_aLa réunification des deux corées _bLIVR |
||
| 214 | _cActes sud | ||
| 330 | _aEn une mosaïque de vingt instants singuliers, "La Réunification des deux Corées" explore la complexité des liens amoureux. Amants, amis, couples mariés ou adultères, vieilles histoires et relations passagères esquissent un tableau réaliste de ce qui nous attache et nous déchire en même temps. Réel ou ressenti, il n’y a pas d’amour, il n’y a que des manques d’amour. | ||
| 610 |
_aAmour _aCouple _aDivorce |
||
| 700 |
_aPommerat _bJoël |
||